[Event "Aragon-chT Preferente A"]
[Site "Aragon"]
[Date "2014.02.01"]
[Round "2.44"]
[White "Landa Galindo, Victor"]
[Black "Aznar Andres, Maria Pilar"]
[Result "1-0"]
[WhiteElo "1904"]
[BlackElo "1625"]
[PlyCount "70"]
[EventDate "2014.01.25"]
[EventType "team-tourn"]
[EventRounds "9"]
[EventCountry "ESP"]
[SourceTitle "EXT 2015"]
[Source "ChessBase"]
[SourceDate "2014.11.20"]
[SourceVersion "1"]
[SourceVersionDate "2014.11.20"]
[SourceQuality "1"]
[WhiteTeam "La Aurora Estadilla II"]
[BlackTeam "Shatranj"]
[WhiteTeamCountry "ESP"]
[BlackTeamCountry "ESP"]

1. e4 c5 2. Nf3 d6 3. d4 cxd4 4. Qxd4 Nc6 5. Bb5 Bd7 6. Bxc6 Bxc6 7. Nc3 Nf6 8. Bg5 e5 9. Qd3 Be7 10. 0-0-0 Ng4 11. Bxe7 Qxe7 12. Rd2 Rd8 13. Nd5 Bxd5 14. Qxd5 Nf6 15. Qb5+ Rd7 16. Qa4 0-0 17. Rhd1 a6 18. Ng5 h6 19. Nh3 Rc8 20. f3 Rc6 21. g4 Ne8 22. Nf2 Rdc7 23. Nd3 Qg5 24. Kb1 Qe7 25. Nb4 Rc4 26. Qb3 R7c5 27. Nd5 Qd8 28. Qe3 Rc6 29. Qf2 b5 30. h4 Nf6 31. Ne3 R4c5 32. Nf5 Qc7 33. g5 hxg5 34. hxg5 Ne8 35. Rh1 g6 1-0

[Event "Aragon-chT Preferente A"]
[Site "Aragon"]
[Date "2014.01.25"]
[Round "1.48"]
[White "Biarge Carnicer, Arturo"]
[Black "Landa Galindo, Victor"]
[Result "1-0"]
[WhiteElo "1898"]
[BlackElo "1904"]
[PlyCount "97"]
[EventDate "2014.01.25"]
[EventType "team-tourn"]
[EventRounds "9"]
[EventCountry "ESP"]
[SourceTitle "EXT 2015"]
[Source "ChessBase"]
[SourceDate "2014.11.20"]
[SourceVersion "1"]
[SourceVersionDate "2014.11.20"]
[SourceQuality "1"]
[WhiteTeam "Pedro Cerbuna"]
[BlackTeam "La Aurora Estadilla II"]
[WhiteTeamCountry "ESP"]
[BlackTeamCountry "ESP"]

1. b3 Nf6 2. Bb2 g6 3. e3 Bg7 4. d4 0-0 5. Nf3 d5 6. Bd3 Bg4 7. h3 Bxf3 8. Qxf3 e6 9. Nd2 Nc6 10. 0-0 Nb4 11. Rfe1 Re8 12. e4 Nxd3 13. Qxd3 Nxe4 14. Nxe4 dxe4 15. Qxe4 Qd5 16. Qf4 c5 17. Rad1 Rad8 18. c3 e5 19. Qe3 cxd4 20. cxd4 Re6 21. dxe5 Qxd1 22. Rxd1 Rxd1+ 23. Kh2 Rb1 24. Bd4 Rd1 25. f4 a6 26. Bc5 Rc6 27. b4 Bf8 28. Qb3 Rd2 29. a4 b6 30. Be3 Rdc2 31. Bd4 R6c4 32. b5 axb5 33. axb5 Bh6 34. Kg3 Bxf4+ 35. Kxf4 Rxd4+ 36. Ke3 Rcc4 37. Qb2 Re4+ 38. Kd3 h5 39. Qf2 Ra4 40. Qxb6 Kg7 41. Qd6 Rf4 42. b6 Rfb4 43. Qc7 Rb3+ 44. Kc2 Rab4 45. e6 Rxb6 46. Qxf7+ Kh6 47. e7 Rb2+ 48. Kd3 Rxg2 49. e8Q 1-0

[Event "Aragon-chT Autonomico"]
[Site "Aragon"]
[Date "2007.02.10"]
[Round "3"]
[White "Landa Galindo, Victor"]
[Black "Martin, Fernando"]
[Result "1/2-1/2"]
[WhiteElo "1967"]
[BlackElo "1900"]
[PlyCount "52"]
[EventDate "2007.01.27"]
[EventType "team"]
[EventRounds "9"]
[EventCountry "ESP"]
[SourceTitle "EXT 2008"]
[Source "ChessBase"]
[SourceDate "2007.11.25"]
[SourceVersion "1"]
[SourceVersionDate "2007.11.25"]
[SourceQuality "1"]
[WhiteTeam "La Aurora Estadilla"]
[BlackTeam "Agrupacion II"]
[WhiteTeamCountry "ESP"]
[BlackTeamCountry "ESP"]

1. e4 c5 2. Nf3 Nc6 3. d4 cxd4 4. c3 d3 5. Bxd3 d6 6. Be3 Nf6 7. h3 g6 8. c4 b6 9. Nc3 Bg7 10. 0-0 0-0 11. Rc1 Bb7 12. Qd2 Rc8 13. Rfd1 Nd7 14. b3 Nc5 15. Bb1 Re8 16. Nd4 Nxd4 17. Bxd4 Bxd4 18. Qxd4 Ne6 19. Qe3 Rc5 20. f4 Qb8 21. Nd5 Ng7 22. f5 Bxd5 23. Rxd5 Rxd5 24. cxd5 Rc8 25. fxg6 Rxc1+ 26. Qxc1 hxg6 1/2-1/2

[Event "Autonomico-chT"]
[Site "Aragon"]
[Date "2005.04.02"]
[Round "9.32"]
[White "Landa Galindo, Victor"]
[Black "Del Alamo, Frutos"]
[Result "1/2-1/2"]
[WhiteElo "1965"]
[BlackElo "1952"]
[PlyCount "41"]
[EventDate "2005.01.22"]
[EventType "team"]
[EventRounds "12"]
[EventCountry "ESP"]
[SourceTitle "EXT 2006"]
[Source "ChessBase"]
[SourceDate "2005.11.24"]
[SourceVersion "1"]
[SourceVersionDate "2005.11.24"]
[SourceQuality "1"]

1. e4 c5 2. Nf3 Nc6 3. d4 cxd4 4. Nxd4 a6 5. Nc3 e6 6. Be2 Nf6 7. 0-0 Be7 8. Be3 0-0 9. f4 d6 10. Qd2 Qc7 11. Bf3 Nxd4 12. Bxd4 e5 13. Be3 exf4 14. Bxf4 Be6 15. Be3 Rac8 16. a4 Nd7 17. Rfd1 Ne5 18. Be2 Rfe8 19. Rac1 Qc6 20. Nd5 Bxd5 21. Qxd5 1/2-1/2

[Event "Autonomico-chT"]
[Site "Aragon"]
[Date "2005.03.19"]
[Round "8.40"]
[White "Lafarga Bueno, Daniel"]
[Black "Landa Galindo, Victor"]
[Result "0-1"]
[WhiteElo "1844"]
[BlackElo "1965"]
[PlyCount "120"]
[EventDate "2005.01.22"]
[EventType "team"]
[EventRounds "12"]
[EventCountry "ESP"]
[SourceTitle "EXT 2006"]
[Source "ChessBase"]
[SourceDate "2005.11.24"]
[SourceVersion "1"]
[SourceVersionDate "2005.11.24"]
[SourceQuality "1"]

1. e4 e6 2. d4 d5 3. Nd2 Nf6 4. e5 Nfd7 5. Bd3 c5 6. c3 Nc6 7. Ne2 cxd4 8. cxd4 f6 9. exf6 Nxf6 10. Nf3 Bd6 11. 0-0 0-0 12. a3 Qc7 13. Nc3 a6 14. Bg5 Ng4 15. h3 Nh2 16. Nxh2 Bxh2+ 17. Kh1 Bf4 18. Bxf4 Rxf4 19. Ne2 Rh4 20. f4 g6 21. Qe1 Rh6 22. Qg3 Qg7 23. Qe3 Bd7 24. Rae1 Rf8 25. Bb1 Qf6 26. Rf3 Qh4 27. Rg3 Kh8 28. Rf1 Qf6 29. Rd1 Ne7 30. Re1 Nf5 31. Bxf5 gxf5 32. Nc1 Rc8 33. Nd3 Rc7 34. Nc5 Bc8 35. Qd3 Rg6 36. Rxg6 hxg6 37. Qe3 Rc6 38. Qd3 Qh4 39. Rf1 Kg7 40. Qe3 Qf6 41. Qd3 Kf7 42. b4 Qd8 43. Re1 Qd6 44. Re5 Qd8 45. g3 Qh8 46. Kg2 Qh5 47. Qd2 b6 48. Nd3 Rc4 49. Nb2 Rc7 50. Nd3 Rc4 51. Nf2 Bd7 52. Re3 Qh8 53. Re5 Qc8 54. Re2 Ba4 55. Qb2 Rc3 56. Nd3 Rxd3 57. g4 Qc4 58. gxf5 gxf5 59. Rxe6 Kxe6 60. Qe2+ Kd7 0-1

[Event "Autonomico-chT"]
[Site "Aragon"]
[Date "2005.03.12"]
[Round "7.60"]
[White "Landa Galindo, Victor"]
[Black "Quilez Lopez, Maria"]
[Result "1-0"]
[WhiteElo "1965"]
[BlackElo "1594"]
[PlyCount "47"]
[EventDate "2005.01.22"]
[EventType "team"]
[EventRounds "12"]
[EventCountry "ESP"]
[SourceTitle "EXT 2006"]
[Source "ChessBase"]
[SourceDate "2005.11.24"]
[SourceVersion "1"]
[SourceVersionDate "2005.11.24"]
[SourceQuality "1"]

1. e4 e5 2. f4 d6 3. Nf3 Nc6 4. Bb5 Bd7 5. 0-0 Qe7 6. Nc3 Nf6 7. d3 0-0-0 8. Kh1 exf4 9. Bxf4 h6 10. Qd2 g5 11. Be3 Bg7 12. Bxc6 Bxc6 13. Nd4 Bd7 14. Nf5 Bxf5 15. Rxf5 a6 16. Raf1 Rdf8 17. Rxf6 Bxf6 18. Nd5 Qe5 19. Nxf6 Qxb2 20. Qa5 c6 21. Qf5+ Kc7 22. Qd7+ Kb8 23. Qxd6+ Ka8 24. Qc5 1-0

[Event "Aragon-chT"]
[Site "Spain"]
[Date "2004.02.14"]
[Round "3.4"]
[White "Laplaza Ara, Carlos"]
[Black "Landa Galindo, Victor"]
[Result "1/2-1/2"]
[WhiteElo "2050"]
[BlackElo "1976"]
[PlyCount "136"]
[EventDate "2004.01.??"]
[EventType "team"]
[EventRounds "11"]
[EventCountry "ESP"]
[SourceTitle "EXT 2006"]
[Source "ChessBase"]
[SourceDate "2005.11.24"]
[SourceVersion "1"]
[SourceVersionDate "2005.11.24"]
[SourceQuality "1"]

1. d4 Nf6 2. Nf3 g6 3. c4 Bg7 4. Nc3 0-0 5. e4 d6 6. Be2 e5 7. dxe5 dxe5 8. Qxd8 Rxd8 9. Bg5 Re8 10. 0-0-0 c6 11. Ne1 Nbd7 12. Nc2 Nc5 13. f3 Ne6 14. Be3 Nh5 15. g3 Bf8 16. b3 f5 17. Bf2 Nf6 18. Kb2 Nc5 19. b4 Na6 20. a3 Be6 21. Ne3 Nc7 22. c5 a5 23. Nc4 axb4 24. axb4 Bxc4 25. Bxc4+ Kg7 26. Rd2 Red8 27. Rhd1 Be7 28. Rxd8 Rxd8 29. Rxd8 Bxd8 30. Kc2 fxe4 31. fxe4 Ng4 32. Bg1 Bg5 33. Kd3 Na6 34. Bxa6 bxa6 35. h3 Nf6 36. h4 Bc1 37. Kc2 Bh6 38. Kd3 Kf7 39. Be3 Bg7 40. Na4 Nd7 41. Nb6 Ke6 42. Na8 Nb8 43. Bg5 Bf6 44. Bxf6 Kxf6 45. Nb6 Ke6 46. Kc4 Nd7 47. Na8 Nb8 48. Kb3 Kd7 49. Nb6+ Kc7 50. Ka4 h5 51. Ka5 Kb7 52. Nc4 Nd7 53. Nd6+ Ka7 54. Nc8+ Kb7 55. Ne7 Nf8 56. Ng8 Nd7 57. Nh6 Nf6 58. Nf7 Nxe4 59. Nxe5 Nxg3 60. Nxg6 Nf5 61. Ka4 Kc7 62. Kb3 Kd7 63. Ne5+ Kc7 64. Ng6 Kd7 65. Nf4 Nxh4 66. Nxh5 Nf3 67. Ka4 Kc7 68. Ng7 Ne5 1/2-1/2